00354nam a2200109 4500008004100000100002000041245009600061260000900157300001300166650003100179773003400210190423b ||||| |||| 00| 0 eng d aMitra, Sudeshna aRoads to new urban futures: flexible territorialisation in Peri-urban Kolkata and Hyderabad c2018 ap.56-64. aUrban planning - Hyderabad aEconomic and Political Weekly